UBT Library

Fundamentals of financial accounting / (Record no. 42944)

000 -LEADER
fixed length control field 00705cam a22002294a 4500
001 - CONTROL NUMBER
control field 15947005
005 - DATE AND TIME OF LATEST TRANSACTION
control field 20180220091059.0
008 - FIXED-LENGTH DATA ELEMENTS--GENERAL INFORMATION
fixed length control field 091015s2011 aa 001 0 eng
010 ## - LIBRARY OF CONGRESS CONTROL NUMBER
LC control number 2009042931
020 ## - INTERNATIONAL STANDARD BOOK NUMBER
International Standard Book Number 9780073527109 (alk. paper)
020 ## - INTERNATIONAL STANDARD BOOK NUMBER
International Standard Book Number 0073527106 (alk. paper)
040 ## - CATALOGING SOURCE
Original cataloging agency DLC
Transcribing agency DLC
041 ## - LANGUAGE CODE
Language code of text/sound track or separate title eng
080 ## - UNIVERSAL DECIMAL CLASSIFICATION NUMBER
Universal Decimal Classification number 657 PHI
082 00 - DEWEY DECIMAL CLASSIFICATION NUMBER
Classification number 657 PHI
Edition number 22
100 1# - Rafti
Rafti 62
101 ## - Shkurtesa
Shkurtesa KF
245 10 - TITLE STATEMENT
Title Fundamentals of financial accounting /
Statement of responsibility, etc Fred Phillips, Robert Libby, Patricia A. Libby.
906 ## - LOCAL DATA ELEMENT F, LDF (RLIN)
a 7
b cbc
c orignew
d 1
e ecip
f 20
g y-gencatlg
942 ## - ADDED ENTRY ELEMENTS (KOHA)
Source of classification or shelving scheme
Item type Books
Holdings
Withdrawn status Lost status Source of classification or shelving scheme Damaged status Not for loan Collection code Permanent location Current location Shelving location Date acquired Total Checkouts Full call number Barcode Date last seen Price effective from Koha item type
          Koleksioni i përgjithshem UBT - Lipjan UBT - Lipjan Koleksioni i përgjithshem 02/20/2018   657 PHI 002-2998247 02/20/2018 02/20/2018 Books
UBT Library © 2015-2024. All rights reserved University Education for Business and Technology